Amino acids by codon - Statistics

General Stats
  • This quiz has been taken 10 times
  • The average score is 40 of 64
Answer Stats
Hint Answer % Correct
AUG Met
100%
UAA stop
100%
UAG stop
100%
UGA stop
100%
UUU Phe
80%
UUC Phe
80%
GCU Ala
60%
GCC Ala
60%
GCA Ala
60%
GCG Ala
60%
CGU Arg
60%
CGC Arg
60%
CGA Arg
60%
CGG Arg
60%
AGA Arg
60%
AGG Arg
60%
AAU Asn
60%
AAC Asn
60%
GAU Asp
60%
GAC Asp
60%
UGU Cys
60%
UGC Cys
60%
CAA Gln
60%
CAG Gln
60%
GAA Glu
60%
AGG Glu
60%
GGU Gly
60%
GGC Gly
60%
GGA Gly
60%
GGG Gly
60%
CAU His
60%
CAC His
60%
AUU Ile
60%
AUC Ile
60%
AUA Ile
60%
CUU Leu
60%
CUC Leu
60%
CUA Leu
60%
CUG Leu
60%
AAA Lys
60%
AAG Lys
60%
CCU Pro
60%
CCC Pro
60%
CCA Pro
60%
CCG Pro
60%
UCU Ser
60%
UCC Ser
60%
UCA Ser
60%
UCG Ser
60%
AGU Ser
60%
AGC Ser
60%
ACU Thr
60%
ACC Thr
60%
ACA Thr
60%
ACG Thr
60%
UGG Trp
60%
UAU Tyr
60%
UAC Tyr
60%
GUU Val
60%
GUC Val
60%
GUA Val
60%
GUG Val
60%
UUA Leu
40%
UUG Leu
40%
No matching quizzes found
Score Distribution
Percent of People with Each Score
Percentile by Number Answered
Your Score History
You have not taken this quiz